<?xml version="1.0" encoding="UTF-8"?>
<record
    xmlns:xsi="http://www.w3.org/2001/XMLSchema-instance"
    xsi:schemaLocation="http://www.loc.gov/MARC21/slim http://www.loc.gov/standards/marcxml/schema/MARC21slim.xsd"
    xmlns="http://www.loc.gov/MARC21/slim">

  <leader>00547nam a22001817a 4500</leader>
  <controlfield tag="003">SGT</controlfield>
  <datafield tag="020" ind1=" " ind2=" ">
    <subfield code="a">9789390020010</subfield>
  </datafield>
  <datafield tag="082" ind1=" " ind2=" ">
    <subfield code="a">610.73</subfield>
    <subfield code="b">P23V</subfield>
  </datafield>
  <datafield tag="100" ind1=" " ind2=" ">
    <subfield code="a">VATI, JOGINDRA</subfield>
  </datafield>
  <datafield tag="245" ind1=" " ind2=" ">
    <subfield code="a">PRINCIPLES AND PRACTICE OF NURSING MANAGEMENT &amp; ADMINISTRATION FOR BSC. NURSIING &amp; MSC NURSING </subfield>
  </datafield>
  <datafield tag="250" ind1=" " ind2=" ">
    <subfield code="a">2ND</subfield>
  </datafield>
  <datafield tag="260" ind1=" " ind2=" ">
    <subfield code="a">INDIA </subfield>
    <subfield code="b">JAYPEE PUB </subfield>
    <subfield code="c">2023</subfield>
  </datafield>
  <datafield tag="300" ind1=" " ind2=" ">
    <subfield code="a">667</subfield>
  </datafield>
  <datafield tag="650" ind1=" " ind2=" ">
    <subfield code="a">NURSING MANAGEMENT </subfield>
  </datafield>
  <datafield tag="653" ind1=" " ind2=" ">
    <subfield code="a">PRINCIPLES AND PRACTICE OF NURSING MANAGEMENT </subfield>
  </datafield>
  <datafield tag="653" ind1=" " ind2=" ">
    <subfield code="a"> ADMINISTRATION FOR BSC. NURSIING &amp; MSC NURSING </subfield>
  </datafield>
  <datafield tag="942" ind1=" " ind2=" ">
    <subfield code="2">ddc</subfield>
    <subfield code="c">BK</subfield>
    <subfield code="0">17</subfield>
  </datafield>
  <datafield tag="952" ind1=" " ind2=" ">
    <subfield code="0">0</subfield>
    <subfield code="1">0</subfield>
    <subfield code="2">ddc</subfield>
    <subfield code="4">0</subfield>
    <subfield code="7">1</subfield>
    <subfield code="8">NURSING</subfield>
    <subfield code="a">FM</subfield>
    <subfield code="b">FM</subfield>
    <subfield code="c">REF</subfield>
    <subfield code="d">2024-08-29</subfield>
    <subfield code="e">ABC DELHI</subfield>
    <subfield code="g">925.00</subfield>
    <subfield code="i">SGTU</subfield>
    <subfield code="o">610.73 P23V</subfield>
    <subfield code="p">FN5826</subfield>
    <subfield code="r">2024-11-21 00:00:00</subfield>
    <subfield code="w">2024-08-29</subfield>
    <subfield code="y">BK</subfield>
    <subfield code="k">19450</subfield>
  </datafield>
  <datafield tag="952" ind1=" " ind2=" ">
    <subfield code="0">0</subfield>
    <subfield code="1">0</subfield>
    <subfield code="2">ddc</subfield>
    <subfield code="4">0</subfield>
    <subfield code="7">1</subfield>
    <subfield code="8">NURSING</subfield>
    <subfield code="a">FM</subfield>
    <subfield code="b">FM</subfield>
    <subfield code="c">TXT</subfield>
    <subfield code="d">2024-08-29</subfield>
    <subfield code="e">ABC DELHI</subfield>
    <subfield code="g">925.00</subfield>
    <subfield code="i">SGTU</subfield>
    <subfield code="l">14</subfield>
    <subfield code="o">610.73 P23V</subfield>
    <subfield code="p">FN5827</subfield>
    <subfield code="r">2025-09-11 00:00:00</subfield>
    <subfield code="s">2025-08-26</subfield>
    <subfield code="w">2024-08-29</subfield>
    <subfield code="y">BK</subfield>
    <subfield code="k">19450</subfield>
  </datafield>
  <datafield tag="952" ind1=" " ind2=" ">
    <subfield code="0">0</subfield>
    <subfield code="1">0</subfield>
    <subfield code="2">ddc</subfield>
    <subfield code="4">0</subfield>
    <subfield code="7">0</subfield>
    <subfield code="8">NURSING</subfield>
    <subfield code="a">FM</subfield>
    <subfield code="b">FM</subfield>
    <subfield code="c">TXT</subfield>
    <subfield code="d">2024-08-29</subfield>
    <subfield code="e">ABC DELHI</subfield>
    <subfield code="g">925.00</subfield>
    <subfield code="i">SGTU</subfield>
    <subfield code="l">14</subfield>
    <subfield code="o">610.73 P23V</subfield>
    <subfield code="p">FN5828</subfield>
    <subfield code="q">2026-06-11</subfield>
    <subfield code="r">2026-05-28 12:51:15</subfield>
    <subfield code="s">2026-05-28</subfield>
    <subfield code="w">2024-08-29</subfield>
    <subfield code="y">BK</subfield>
    <subfield code="k">19450</subfield>
  </datafield>
  <datafield tag="952" ind1=" " ind2=" ">
    <subfield code="0">0</subfield>
    <subfield code="1">0</subfield>
    <subfield code="2">ddc</subfield>
    <subfield code="4">0</subfield>
    <subfield code="7">0</subfield>
    <subfield code="8">NURSING</subfield>
    <subfield code="a">FM</subfield>
    <subfield code="b">FM</subfield>
    <subfield code="c">TXT</subfield>
    <subfield code="d">2024-08-29</subfield>
    <subfield code="e">ABC DELHI</subfield>
    <subfield code="g">925.00</subfield>
    <subfield code="i">SGTU</subfield>
    <subfield code="l">21</subfield>
    <subfield code="o">610.73 P23V</subfield>
    <subfield code="p">FN5829</subfield>
    <subfield code="r">2026-05-28 12:06:35</subfield>
    <subfield code="s">2026-04-30</subfield>
    <subfield code="w">2024-08-29</subfield>
    <subfield code="y">BK</subfield>
    <subfield code="k">19450</subfield>
  </datafield>
  <datafield tag="952" ind1=" " ind2=" ">
    <subfield code="0">0</subfield>
    <subfield code="1">0</subfield>
    <subfield code="2">ddc</subfield>
    <subfield code="4">0</subfield>
    <subfield code="7">0</subfield>
    <subfield code="8">NURSING</subfield>
    <subfield code="a">FM</subfield>
    <subfield code="b">FM</subfield>
    <subfield code="c">TXT</subfield>
    <subfield code="d">2024-08-29</subfield>
    <subfield code="e">ABC DELHI</subfield>
    <subfield code="g">925.00</subfield>
    <subfield code="i">SGTU</subfield>
    <subfield code="l">13</subfield>
    <subfield code="o">610.73 P23V</subfield>
    <subfield code="p">FN5830</subfield>
    <subfield code="q">2026-06-01</subfield>
    <subfield code="r">2026-05-18 00:00:00</subfield>
    <subfield code="s">2026-05-18</subfield>
    <subfield code="w">2024-08-29</subfield>
    <subfield code="y">BK</subfield>
    <subfield code="k">19450</subfield>
  </datafield>
  <datafield tag="952" ind1=" " ind2=" ">
    <subfield code="0">0</subfield>
    <subfield code="1">0</subfield>
    <subfield code="2">ddc</subfield>
    <subfield code="4">0</subfield>
    <subfield code="7">0</subfield>
    <subfield code="8">NURSING</subfield>
    <subfield code="a">FM</subfield>
    <subfield code="b">FM</subfield>
    <subfield code="c">TXT</subfield>
    <subfield code="d">2024-08-29</subfield>
    <subfield code="e">ABC DELHI</subfield>
    <subfield code="g">925.00</subfield>
    <subfield code="i">SGTU</subfield>
    <subfield code="l">7</subfield>
    <subfield code="o">610.73 P23V</subfield>
    <subfield code="p">FN5831</subfield>
    <subfield code="r">2025-06-21 00:00:00</subfield>
    <subfield code="s">2025-06-16</subfield>
    <subfield code="w">2024-08-29</subfield>
    <subfield code="y">BK</subfield>
    <subfield code="k">19450</subfield>
  </datafield>
  <datafield tag="952" ind1=" " ind2=" ">
    <subfield code="0">0</subfield>
    <subfield code="1">0</subfield>
    <subfield code="2">ddc</subfield>
    <subfield code="4">0</subfield>
    <subfield code="7">0</subfield>
    <subfield code="8">NURSING</subfield>
    <subfield code="a">FM</subfield>
    <subfield code="b">FM</subfield>
    <subfield code="c">TXT</subfield>
    <subfield code="d">2024-08-29</subfield>
    <subfield code="e">ABC DELHI</subfield>
    <subfield code="g">925.00</subfield>
    <subfield code="i">SGTU</subfield>
    <subfield code="l">11</subfield>
    <subfield code="o">610.73 P23V</subfield>
    <subfield code="p">FN5832</subfield>
    <subfield code="r">2026-05-13 00:00:00</subfield>
    <subfield code="s">2026-05-07</subfield>
    <subfield code="w">2024-08-29</subfield>
    <subfield code="y">BK</subfield>
    <subfield code="k">19450</subfield>
  </datafield>
  <datafield tag="952" ind1=" " ind2=" ">
    <subfield code="0">0</subfield>
    <subfield code="1">0</subfield>
    <subfield code="2">ddc</subfield>
    <subfield code="4">0</subfield>
    <subfield code="7">0</subfield>
    <subfield code="8">NURSING</subfield>
    <subfield code="a">FM</subfield>
    <subfield code="b">FM</subfield>
    <subfield code="c">TXT</subfield>
    <subfield code="d">2024-08-29</subfield>
    <subfield code="e">ABC DELHI</subfield>
    <subfield code="g">925.00</subfield>
    <subfield code="i">SGTU</subfield>
    <subfield code="l">16</subfield>
    <subfield code="o">610.73 P23V</subfield>
    <subfield code="p">FN5833</subfield>
    <subfield code="q">2026-06-18</subfield>
    <subfield code="r">2026-06-04 10:44:23</subfield>
    <subfield code="s">2026-06-04</subfield>
    <subfield code="w">2024-08-29</subfield>
    <subfield code="y">BK</subfield>
    <subfield code="k">19450</subfield>
  </datafield>
  <datafield tag="952" ind1=" " ind2=" ">
    <subfield code="0">0</subfield>
    <subfield code="1">0</subfield>
    <subfield code="2">ddc</subfield>
    <subfield code="4">0</subfield>
    <subfield code="7">0</subfield>
    <subfield code="8">NURSING</subfield>
    <subfield code="a">FM</subfield>
    <subfield code="b">FM</subfield>
    <subfield code="c">TXT</subfield>
    <subfield code="d">2024-08-29</subfield>
    <subfield code="e">ABC DELHI</subfield>
    <subfield code="g">925.00</subfield>
    <subfield code="i">SGTU</subfield>
    <subfield code="l">17</subfield>
    <subfield code="o">610.73 P23V</subfield>
    <subfield code="p">FN5834</subfield>
    <subfield code="q">2026-06-06</subfield>
    <subfield code="r">2026-05-23 08:59:49</subfield>
    <subfield code="s">2026-05-23</subfield>
    <subfield code="w">2024-08-29</subfield>
    <subfield code="y">BK</subfield>
    <subfield code="k">19450</subfield>
  </datafield>
  <datafield tag="952" ind1=" " ind2=" ">
    <subfield code="0">0</subfield>
    <subfield code="1">0</subfield>
    <subfield code="2">ddc</subfield>
    <subfield code="4">0</subfield>
    <subfield code="7">0</subfield>
    <subfield code="8">NURSING</subfield>
    <subfield code="a">FM</subfield>
    <subfield code="b">FM</subfield>
    <subfield code="c">TXT</subfield>
    <subfield code="d">2024-08-29</subfield>
    <subfield code="e">ABC DELHI</subfield>
    <subfield code="g">925.00</subfield>
    <subfield code="i">SGTU</subfield>
    <subfield code="l">12</subfield>
    <subfield code="o">610.73 P23V</subfield>
    <subfield code="p">FN5835</subfield>
    <subfield code="q">2026-06-08</subfield>
    <subfield code="r">2026-05-25 09:06:39</subfield>
    <subfield code="s">2026-05-25</subfield>
    <subfield code="w">2024-08-29</subfield>
    <subfield code="y">BK</subfield>
    <subfield code="k">19450</subfield>
  </datafield>
  <datafield tag="999" ind1=" " ind2=" ">
    <subfield code="c">27557</subfield>
    <subfield code="d">27557</subfield>
  </datafield>
</record>
